Central Library OPAC University of Rajshahi

Payam-i Masriq. (Record no. 82289)

MARC details
000 -LEADER
fixed length control field 00872cam a2200241u 4500
001 - CONTROL NUMBER
control field 82289
003 - CONTROL NUMBER IDENTIFIER
rucl marc code BD-RjUL
005 - DATE AND TIME OF LATEST TRANSACTION
control field 20231114160108.0
008 - FIXED-LENGTH DATA ELEMENTS--GENERAL INFORMATION
fixed length control field 231114s1958 pk c 000 0 per
035 ## - SYSTEM CONTROL NUMBER
System control number (BD-RjUL) 82289
040 ## - CATALOGING SOURCE
Original cataloging agency DLC
Transcribing agency CarP
Modifying agency DLC
Language of cataloging eng
041 ## - LANGUAGE CODE
Language code of text/sound track or separate title per
082 ## - DEWEY DECIMAL CLASSIFICATION NUMBER
Edition number 23
Classification number 891.551
Author mark and year IQP 1958
100 1# - MAIN ENTRY--PERSONAL NAME
Personal name Iqbal, Muhammad,
Dates associated with a name 1877-1938.
9 (RLIN) 8392
245 10 - TITLE STATEMENT
Title Payam-i Masriq.
Statement of responsibility, etc. Authors:اقبال., Muhammad Iqbal (Author) / Iqbāl.
260 ## - PUBLICATION, DISTRIBUTION, ETC. (IMPRINT)
Date of publication, distribution, etc. 1958
Place of publication, distribution, etc. لاهور :
Name of publisher, distributor, etc. داکطر جاوىد اقبال ,
300 ## - PHYSICAL DESCRIPTION
Pagination 264 p. ; .
Illustrations : ports. ;
Size 21 cm.
500 ## - GENERAL NOTE
General note Romanized.
650 ## - SUBJECT ADDED ENTRY--TOPICAL TERM
Topical term or geographic name as entry element Persian poetry
700 12 - ADDED ENTRY--PERSONAL NAME
Personal name ʻAzzām, ʻAbd al-Wahhāb.
942 ## - ADDED ENTRY ELEMENTS (KOHA)
Source of classification or shelving scheme Dewey Decimal Classification
Koha item type Books
Holdings
Lost status Source of classification or shelving scheme Damaged status Not for loan Collection code Permanent Location Current Location Shelving location Date acquired Source of acquisition Cost, normal purchase price Total Checkouts Full call number Date last seen Copy number Koha item type
  Dewey Decimal Classification   Not For Loan Non-fiction Central Library, University of Rajshahi Central Library, University of Rajshahi Reading Room 09/07/1963 urdu library, 4.50   F 891.551 IQP 1958 14/11/2023 C-1 Books
  Dewey Decimal Classification     Non-fiction Central Library, University of Rajshahi Central Library, University of Rajshahi General Stacks   urdu library, 4.50   U 891.551 IQP 1958 07/10/2025 C-1 Books